Financial Institutions and Markets (Record no. 43014)

MARC details
000 -LEADER
fixed length control field 00403nam a2200169Ia 4500
008 - FIXED-LENGTH DATA ELEMENTS--GENERAL INFORMATION
fixed length control field 230524s9999 xx 000 0 und d
020 ## - INTERNATIONAL STANDARD BOOK NUMBER
ISBN 0195683269
082 ## - DEWEY DECIMAL CLASSIFICATION NUMBER
Classification number 658.45
Item number KOH
100 ## - MAIN ENTRY--AUTHOR NAME
Personal name Meir Kohn
245 #0 - TITLE STATEMENT
Title Financial Institutions and Markets
250 ## - EDITION STATEMENT
Edition statement IST
260 ## - PUBLICATION, DISTRIBUTION, ETC. (IMPRINT)
Place of publication NEW DELHI
Name of publisher TMH
Year of publication 2009
300 ## - PHYSICAL DESCRIPTION
Number of Pages XV;1010
500 ## - GENERAL NOTE
General note Quantity Number: 5
650 ## - SUBJECT ADDED ENTRY--TOPICAL TERM
Topical Term Management
942 ## - ADDED ENTRY ELEMENTS (KOHA)
Koha item type Books
Holdings
Lost status Damaged status Permanent Location Current Location Shelving location Date acquired Full call number Accession Number Koha item type
    Central Library, Trident Academy of Technology Central Library, Trident Academy of Technology General Stacks 05/24/2023 658.45 KOH 30594 Books
    Central Library, Trident Academy of Technology Central Library, Trident Academy of Technology General Stacks 05/24/2023 658.45 KOH 31974 Books
    Central Library, Trident Academy of Technology Central Library, Trident Academy of Technology General Stacks 05/24/2023 658.45 KOH 31975 Books
    Central Library, Trident Academy of Technology Central Library, Trident Academy of Technology General Stacks 05/24/2023 658.45 KOH 31976 Books
    Central Library, Trident Academy of Technology Central Library, Trident Academy of Technology General Stacks 05/24/2023 658.45 KOH 31977 Books
Trident Academy of Technology © 2023.
All rights reserved.                                                                                                                                                                                                        Designed by Team of Central Library .

Powered by Koha